| 000 | 00919cam a2200277 a 4500 | ||
|---|---|---|---|
| 001 | 000016044 | ||
| 005 | 20200929164242.0 | ||
| 008 | 000719s1997 ck 000 0 spa | ||
| 010 | _a00697197 | ||
| 020 | _a9589181384 | ||
| 040 |
_aDO-SdBNP _cDLC _dDLC |
||
| 042 | _apcc | ||
| 082 |
_a174.2 _bP716h |
||
| 100 | 1 |
_aPlata Rueda, Ernesto. _936008 |
|
| 245 | 1 | 0 |
_aHacia una medicina más humana / _cPlata Rueda ; selección y coordinación a cargo de Francisco J. Leal Quevedo, Juan Mendoza-Vega, Ernesto Plata Rueda. |
| 250 | _a1. ed. | ||
| 260 |
_aBogota : _bMedica Internacional, _c1997. |
||
| 300 |
_a302 p. ; _c25 cm. |
||
| 504 | _aIncluye notas y referencia al pie de páginas | ||
| 650 | 4 |
_aÉtica médica _936009 |
|
| 650 | 4 |
_aMedicina social. _919663 |
|
| 700 | 1 |
_aLeal Quevedo, Francisco J. _936010 |
|
| 700 | 1 |
_aMendoza-Vega, Juan. _936011 |
|
| 910 | _aCatalogación por copia / LC | ||
| 049 | _aBNGR | ||
| 999 |
_c15585 _d15585 |
||